| 000 | 00871nam a22002651u 4500 | ||
|---|---|---|---|
| 001 | 04648 | ||
| 003 | HDC | ||
| 007 | cr bn --- | ||
| 008 | 210117p my go d 00 engg | ||
| 040 | _aHDC | ||
| 110 | _aJohorPort | ||
| 245 | 0 | _aJOHOR PORT AN INTEGRAL PART OF HALAL SUPPLY CHAIN | |
| 260 |
_a[No Place] : _b[publisher not identified], _c[no year] |
||
| 300 |
_a15 pages : _billustrations |
||
| 336 |
_atext _2rdacontent |
||
| 337 |
_acomputer _2rdamedia |
||
| 338 |
_aonline resource _2rdacarrier |
||
| 650 |
_aHalal food industry _9128 |
||
| 650 |
_aHalal logistics _9143 |
||
| 650 |
_aHalal supply chain _9327 |
||
| 856 | _zRequest full-text at [email protected] | ||
| 942 | _2lcc | ||
| 942 | _cSLIDE | ||
| 942 | _kSLID 000296 | ||
| 999 |
_c1973 _d1973 |
||